Far East: a modern history. (Record no. 411473)

000 -LEADER
fixed length control field 00322cam a22001097a 4500
008 - FIXED-LENGTH DATA ELEMENTS--GENERAL INFORMATION
fixed length control field 180718b1958 xxu||||| |||| 00| 0 eng d
082 ## - DEWEY DECIMAL CLASSIFICATION NUMBER
Classification number A6x51 P348
100 ## - MAIN ENTRY--PERSONAL NAME
Personal name Peffer, Nathaniel
245 ## - TITLE STATEMENT
Title Far East: a modern history.
Statement of responsibility, etc. by Nathaniel Peffer
260 ## - PUBLICATION, DISTRIBUTION, ETC.
Place of publication, distribution, etc. Ann Arbor
Name of publisher, distributor, etc. University Of Michigan Press
Date of publication, distribution, etc. 1958
300 ## - PHYSICAL DESCRIPTION
Extent vi, 489p
Holdings
Withdrawn status Lost status Damaged status Not for loan Permanent Location Current Location Date acquired Full call number Barcode Date last seen Price effective from Koha item type
        Indian Institute of Public Administration Indian Institute of Public Administration 2009-01-29 A6x51 P348 16289 2018-07-21 2018-07-21 Book

Powered by Koha